Mechanical Trades Pocket Manual / (Record no. 6823)
[ view plain ]
| 000 -LEADER | |
|---|---|
| fixed length control field | 00293cam a2200109ua 4500 |
| 082 ## - DEWEY DECIMAL CLASSIFICATION NUMBER | |
| Classification number | 621.8 |
| Item number | NEL/ME |
| 100 ## - MAIN ENTRY--AUTHOR NAME | |
| Personal name | Nelson, Carl A . |
| 245 ## - TITLE STATEMENT | |
| Title | Mechanical Trades Pocket Manual / |
| 260 ## - PUBLICATION, DISTRIBUTION, ETC. (IMPRINT) | |
| Place of publication | Mumbai : |
| Name of publisher | D B Taraporevala sons & Co. Pvt. Ltd. , |
| Year of publication | 1985. |
| 300 ## - PHYSICAL DESCRIPTION | |
| Number of Pages | 256 ; . |
| 942 ## - ADDED ENTRY ELEMENTS (KOHA) | |
| Koha item type | Reference |
| Withdrawn status | Lost status | Damaged status | Collection code | Home library | Current library | Shelving location | Date acquired | Full call number | Accession Number | Koha item type |
|---|---|---|---|---|---|---|---|---|---|---|
| General Books | KAUAET | KAUAET | General Stacks | 20/08/1986 | 621.8.NEL/ME | 15460 | Books |
